LEADER 01496nam a2200325 u 4500 001 000000028792 003 CaOOAMICUS 005 20070226111837.0 008 961021s1996 it u000 u ita u 020 $a8842050296 035 $a10744135 040 $aEFR$bita$dPUL(R) 041 1 $aita$hfre 100 1 $aTenenti, Alberto,$d1924-$0(OLS)http://pul/name/8768 240 10$aHommes et leurs cités.$lItaliano.$0(OLS)http://pul/title/39307 245 12$aL'Italia del Quattrocento :$beconomia e società /$cAlberto Tenenti. 260 $aBari :$bLaterza,$cc1996. 300 $axi, 145 p. ;$c21 cm 490 1 $aEconomica Laterza ;$v86 500 $aMention figurant dans le verso de la page de titre: "... Les hommes et leurs cités, parte terza del volume: L'Italie de la Renaissance, un monde en mutation di Christian Bec, Ivan Cloulas, Bertrand Jestaz, Alberto Tenenti..." 504 $aBibliographie: p. [131]-135. 651 4$aItalia$xStoria$ySec. XV.$0(OLS)http://pul/subject/2827 830 0$aEconomica Laterza ;$v86.$0(OLS)http://pul/title/39309 850 $aPUL 852 $aPUL$W1$xSL Filosofia 1$y2$m105(1) E 28bis$j39957$nBK-PRI$b $qStampati$B39957$CPULBib$Z2$F39957 $H $81 941 1 $a8 961 $aINV: 76547 996 $6020$a8842050296$9(OLS)http://pul/number/35788 996 $6245$aL'Italia del Quattrocento :$beconomia e società$9(OLS)http://pul/title/39308 996 $6260$aBari :$bLaterza$9(OLS)http://pul/publisher/47895 LEADER 01417nam a2200325 a 4500 001 000000137469 003 CaOOAMICUS 005 20140225094614.0 008 140225s2001 gw u000 u ger r 020 $z3825853403* 040 $aPUL$bita 082 04$a270.3 245 00$aIn proposito paupertatis :$bStudien zum Armutsverständnis bei den mittelalterlichen Bettelorden /$cGert Melville, Annette Kehnel (Hrsg.) 260 $aMünster :$bLIT,$c©2001. 300 $a236 p. ;$c24 cm 490 1 $aVita regularis ;$v13 504 $aBibliografia in nota. 650 4$aPovertà$xStoria$yEvo medio.$0(OLS)http://pul/subject/19856 650 4$aOrdini mendicanti.$0(OLS)http://pul/subject/14609 700 1 $aMelville, Gert.$0(OLS)http://pul/name/5056 700 1 $aKehnel, Annette.$0(OLS)http://pul/name/88596 830 0$aVita regularis ;$v13.$0(OLS)http://pul/title/174041 850 $aPUL 852 $aPUL$W1$xSL Religione 3$y85$m270. 3 COLL 1.1.13$j158474$qDDC 21$B157991$CPULBib$Z2$F157991 $H123511 $82 941 1 $a9 996 $6020$z3825853403*$9(OLS)http://pul/number/154577 996 $6082$a270.3$9(OLS)http://pul/classification/2546 996 $6245$aIn proposito paupertatis :$bStudien zum Armutsverständnis bei den mittelalterlichen Bettelorden$9(OLS)http://pul/title/174040 996 $6260$aMünster :$bLIT$9(OLS)http://pul/publisher/72107